| 000 | 00520 a2200181 4500 | ||
|---|---|---|---|
| 003 | OSt | ||
| 005 | 20240207132158.0 | ||
| 008 | 240207b |||||||| |||| 00| 0 eng d | ||
| 020 | _a9788119289417 | ||
| 040 | _coclc | ||
| 082 |
_a894.8129 _bPOO/H |
||
| 100 |
_aPoonoor, Navas _96883 |
||
| 245 |
_aHridayapakshathe Kunjhoonju / _c Navas Poonoor |
||
| 250 | _a1st ed. | ||
| 260 |
_aKozhikode: _bLIPI Publications, _c2023. |
||
| 300 | _a240p. | ||
| 942 |
_2ddc _cBK _h894.8129 _iPOO/H _k894.8129 _mPOO/H |
||
| 999 |
_c44355 _d44355 |
||